Keep Calm and Go to the Movies Quiz Stats

Quiz Updated Nov 20, 2017

Challenge
Share
Tweet
Score 0/25 Timer 06:00
9 Plays Today
% Correct
Star Wars
99.8%
Peter Pan
98.6%
Ghostbusters
98.2%
The Lion King
98%
E.T. the Extra-Terrestrial
96.4%
Mary Poppins
96.2%
Jaws
95.8%
Forrest Gump
93.4%
The Karate Kid
93%
The Hunger Games
92.4%
The Jungle Book
88.6%
The Wizard of Oz
87.4%
Transformers
84.8%
% Correct
Top Gun
79.2%
Harry Potter
79.1%
Anchorman: The Legend of Ron Burgundy
75.9%
V for Vendetta
73.9%
The Lord of the Rings
71.3%
Back to the Future
70%
Jerry Maguire
64.3%
Casablanca
58.9%
Monty Python and the Holy Grail
55.1%
This is Spinal Tap
45.1%
Inception
30.1%
Dirty Dancing
17.8%

You're not logged in!

Compare scores with friends on all Sporcle quizzes.
Join for Free
OR
Log In

You Might Also Like...

Show Comments

Extras

Top Quizzes Today


Score Distribution

Your Account Isn't Verified!

In order to create a playlist on Sporcle, you need to verify the email address you used during registration. Go to your Sporcle Settings to finish the process.

Report this User

Report this user for behavior that violates our Community Guidelines.

Details: